Fast Math: Multipication - Statistics

General Stats
  • This quiz has been taken 47 times
  • The average score is 18 of 20
Answer Stats
Hint Answer % Correct
8x7 56
100%
4x4 16
96%
6x6 36
96%
4x2 8
96%
10x1 10
93%
12x10 120
93%
12x12 144
93%
6x5 30
93%
3x2 6
93%
1x1 1
89%
11x11 121
89%
6x7 42
89%
5x4 20
86%
10x10 100
82%
9x3 27
82%
7x7 49
82%
8x8 64
82%
12x11 132
79%
8x6 48
79%
9x7 63
79%
No matching quizzes found
Score Distribution
Percent of People with Each Score
Percentile by Number Answered
Your Score History
You have not taken this quiz